Peru at the Brink of Economic Collapse Current Problems and Policy Optio

Na minha lista:
Detalhes bibliográficos
Autor principal: Corsepius, Uwe
Formato: Livro
Idioma:inglês
Publicado em: Kiel Institut für Weltwirtschaft 1989
Edição:1. ed.
Colecção:Kieler Diskussionsbeiträge 153
Tags: Adicionar Tag
Sem tags, seja o primeiro a adicionar uma tag!

MARC

LEADER 00000nam a2200000 4500
001 c025309
005 20221215114309.5
041 0 |a eng 
044 |a DE 
245 1 0 |a Peru at the Brink of Economic Collapse  |b Current Problems and Policy Optio  |c Uwe Corsepius 
250 |a 1. ed. 
264 1 |a Kiel  |b Institut für Weltwirtschaft  |c 1989 
300 |a 39 s. 
490 1 |a Kieler Diskussionsbeiträge  |v 153 
830 0 |a Kieler Diskussionsbeiträge  |v 153 
100 1 |a Corsepius, Uwe